| 000 | 00808nam a22002297a 4500 | ||
|---|---|---|---|
| 999 |
_c33024 _d33024 |
||
| 005 | 20190920123059.0 | ||
| 008 | 080807t xxu||||| |||| 00| 0 eng d | ||
| 010 | _aB-380467-489 | ||
| 020 |
_a9788184821574 _c90.00 |
||
| 020 |
_a8184821573 _c90.00 |
||
| 037 | _bUBH | ||
| 040 |
_adpl _bEnglish |
||
| 082 | _aS | ||
| 245 |
_aThe sons of the Pandavas : _cedited by Anant Pai _bAbhimanyu, Ghatotacha, Uloopi / |
||
| 260 |
_bAmar Chitra Katha _c2009(repr.) _aMumbai |
||
| 270 |
_a14 Marthand, 4th Floor, 84 Dr. Annie Besant Road, _bMumbai _e400018 |
||
| 300 |
_aVarious pagings : _c23cm(pbk) _b ill. |
||
| 490 | _aIllustrated classics form India; v.10027 | ||
| 700 | _aPai, Anant | ||
| 942 |
_cCH _hS _2ddc _mSON |
||